Cuestiones ambientales (Registro nro. 728)
[ vista simple ]
| 000 -LEADER | |
|---|---|
| fixed length control field | 01983 a2200229 4500 |
| 001 - CONTROL NUMBER | |
| control field | 18782 |
| 005 - DATE AND TIME OF LATEST TRANSACTION | |
| control field | 20260407155459.0 |
| 008 - FIXED-LENGTH DATA ELEMENTS--GENERAL INFORMATION | |
| fixed length control field | 260407a2009 arg spa d |
| 003 - CONTROL NUMBER IDENTIFIER | |
| control field | AR-UNSa-BCEJYS |
| 040 ## - CATALOGING SOURCE | |
| Original cataloging agency | AR-UNSa-BCEJYS |
| Language of cataloging | spa |
| Transcribing agency | AR-UNSa-BCEJYS |
| 080 ## - UNIVERSAL DECIMAL CLASSIFICATION NUMBER | |
| Universal Decimal Classification number | 349.6 |
| Common auxiliary subdivision | Derecho de protección del medio ambiente |
| 020 ## - INTERNATIONAL STANDARD BOOK NUMBER | |
| International Standard Book Number | 978-987-03-1586-5 |
| 100 1# - MAIN ENTRY--PERSONAL NAME | |
| Personal name | Kunz, Ana |
| 245 10 - TITLE STATEMENT | |
| Title | Cuestiones ambientales |
| 264 #1 - PRODUCTION, PUBLICATION, DISTRIBUTION, MANUFACTURE, AND COPYRIGHT NOTICE | |
| Place of production, publication, distribution, manufacture | Buenos Aires : |
| Name of producer, publisher, distributor, manufacturer | Universidad de Buenos Aires. Facultad de Derecho. Departamento de Publicaciones |
| Date of production, publication, distribution, manufacture, or copyright notice | 2009 |
| 300 ## - PHYSICAL DESCRIPTION | |
| Extent | x, 210 p. |
| Dimensions | 24 cm. |
| 505 ## - FORMATTED CONTENTS NOTE | |
| Formatted contents note | 1. La problemática ambiental / Lidia Garrido Cordobera - 2. La percepción del cambio ambiental y su relación con el concepto de daño jurídico. El caso de las inundaciones en la Provincia de Buenos Aires / Ana Kunz - 3. La problemática ambiental en la agenda de los medios: cómo y cuánto se percibe del daño al ambiente / Joao Alves Silva ; Yamila M. Castagnola - 4. La sustentabilidad y el calentamiento global: una problemática ética y educacional / José Pablo Di Iorio ; Virginia Carolina Olexyn - 5. Derecho ambiental. Derecho Comparado regional / Natalia E. Torres Santomé - 6. Los llamados "daños punitivos" y el daño ambiental (reflexiones sobre su posible incorporación al ordenamiento argentino) / Ramiro J. Prieto Molinero - 7. Medio Ambiente urbano / María Delia Pereiro de Grigaravcius - 8. Responsabilidad de los funcionarios públicos en materia ambiental / Sergio Sebastián Barocelli - 9. Preservación de la línea costera frente a las políticas portuarias / Sofía Capalbo - 10. El problema de la basura en al AMBA. Estado de situación y posible soluciones / Walter F. Krieges - 11. Certificados de reducción de emisiones (CERs) o "bonos verdes" |
| 590 ## - LOCAL NOTE (RLIN) | |
| Local note | niveau_biblio:m niveau_hierar:0 |
| 700 1# - ADDED ENTRY--PERSONAL NAME | |
| Personal name | Garrido Cordobera, Lidia |
| 856 41 - ELECTRONIC LOCATION AND ACCESS | |
| Uniform Resource Identifier | <a href="https://biblioeco.unsa.edu.ar/pmb/images/libros/Cuestiones Ambientales-l117909.jpg">https://biblioeco.unsa.edu.ar/pmb/images/libros/Cuestiones Ambientales-l117909.jpg</a> |
| Link text | Imagen de portada |
| Electronic format type | image/jpeg |
| 942 ## - ADDED ENTRY ELEMENTS (KOHA) | |
| Koha item type | |
| Withdrawn status | Lost status | Damaged status | Not for loan | Home library | Current library | Shelving location | Date acquired | Total checkouts | Full call number | Barcode | Date last seen | Price effective from | Koha item type |
|---|---|---|---|---|---|---|---|---|---|---|---|---|---|
| Biblioteca Prof. Eusebio Cleto del Rey | Biblioteca Prof. Eusebio Cleto del Rey | 07/04/2026 | 349.6 G241 | L117908 | 07/04/2026 | 07/04/2026 | Libro | ||||||
| Biblioteca Prof. Eusebio Cleto del Rey | Biblioteca Prof. Eusebio Cleto del Rey | 07/04/2026 | 349.6 G241 | L117909 | 07/04/2026 | 07/04/2026 | Libro |